000 00807cam a22002533a 4500
001 17306
003 PGUSA
005 20140828083353.0
008 051213s2005||||xxu|||||s|||||000 | eng d
040 _aPGUSA
_beng
042 _adc
050 4 _aHD
100 1 _aEngels, Friedrich,
_d1820-1895
245 1 4 _aThe Condition of the Working-Class in England in 1844 :
_bwith a Preface written in 1892
_h[electronic resource] /
_cFriedrich Engels
260 _bProject Gutenberg,
_c2005
506 _aPublic domain in the USA.
516 _aElectronic text
653 _aGreat Britain -- Economic conditions
653 _aWorking class -- Great Britain
700 1 _aKelley, Florence,
_d1859-1932
830 0 _aProject Gutenberg
_v17306
856 4 0 _uhttp://www.gutenberg.org/ebooks/17306
942 _cEB
999 _c246561
_d246561